Memorias foros regionales del Sisben : (Registro nro. 15456)
[ vista simple ]
| 000 -LEADER | |
|---|---|
| fixed length control field | 01037nam a22002297a 4500 |
| 003 - CONTROL NUMBER IDENTIFIER | |
| control field | OSt |
| 005 - DATE AND TIME OF LATEST TRANSACTION | |
| control field | 20210320160500.0 |
| 008 - FIXED-LENGTH DATA ELEMENTS--GENERAL INFORMATION | |
| fixed length control field | 210320s2000 ck ||||gr|||| 10| 0 spa d |
| 040 ## - CATALOGING SOURCE | |
| Original cataloging agency | CO-JMCR |
| Transcribing agency | CO-JMCR |
| 041 0# - LANGUAGE CODE | |
| Language code of text/sound track or separate title | spa |
| 082 04 - DEWEY DECIMAL CLASSIFICATION NUMBER | |
| Classification number | 361.09861 / |
| Item number | F727fd |
| Edition number | 23 |
| 111 2# - MAIN ENTRY--MEETING NAME | |
| Meeting name or jurisdiction name as entry element | Foros regionales Evaluación Integral del Sisben |
| Date of meeting or treaty signing | (2000 : |
| Location of meeting | Bogotá) |
| 9 (RLIN) | 36399 |
| 245 10 - TITLE STATEMENT | |
| Title | Memorias foros regionales del Sisben : |
| Remainder of title | evaluación integral / |
| Statement of responsibility, etc. | Foros |
| 250 ## - EDITION STATEMENT | |
| Edition statement | Primera edfición |
| 260 ## - PUBLICATION, DISTRIBUTION, ETC. | |
| Place of publication, distribution, etc. | Bogotá : |
| Name of publisher, distributor, etc. | Departamento Nacional de Planeación : Ministerio de Salud : Misión Social, |
| Date of publication, distribution, etc. | 2000 |
| 300 ## - PHYSICAL DESCRIPTION | |
| Extent | 46 páginas ; |
| Dimensions | 28 cm. |
| 505 0# - FORMATTED CONTENTS NOTE | |
| Formatted contents note | Organización de los foros regionales -- Desarrollo de los foros regionales -- El rol del control social |
| 650 14 - SUBJECT ADDED ENTRY--TOPICAL TERM | |
| Topical term or geographic name entry element | Programas sociales |
| Form subdivision | Congresos, conferencias, etc. |
| General subdivision | Sisben |
| Geographic subdivision | Colombia |
| 9 (RLIN) | 36400 |
| 650 14 - SUBJECT ADDED ENTRY--TOPICAL TERM | |
| Topical term or geographic name entry element | Asistencia pública |
| Form subdivision | Congresos, conferencias, etc. |
| Geographic subdivision | Colombia |
| 9 (RLIN) | 36401 |
| 650 14 - SUBJECT ADDED ENTRY--TOPICAL TERM | |
| Topical term or geographic name entry element | Sistema de selección de beneficiarios |
| Form subdivision | Congresos, conferencias, etc. |
| Geographic subdivision | Colombia |
| 9 (RLIN) | 36402 |
| 942 ## - ADDED ENTRY ELEMENTS (KOHA) | |
| Source of classification or shelving scheme | Dewey Decimal Classification |
| Koha item type | Books |
| Withdrawn status | Lost status | Source of classification or shelving scheme | Damaged status | Not for loan | Collection code | Home library | Current library | Date acquired | Source of acquisition | Total Checkouts | Full call number | Barcode | Date last seen | Copy number | Price effective from | Koha item type |
|---|---|---|---|---|---|---|---|---|---|---|---|---|---|---|---|---|
| Dewey Decimal Classification | Non-fiction | Biblioteca Pública José María del Castillo y Rada | Biblioteca Pública José María del Castillo y Rada | 10/02/2020 | Donación | 361.09861 / F727fd | 201808884 | 05/16/2024 | Ej.1 | 03/20/2021 | Books |